John Macnab (Record no. 186749)
[ view plain ]
| 000 -LEADER | |
|---|---|
| fixed length control field | 00925 a2200193 4500 |
| 003 - CONTROL NUMBER IDENTIFIER | |
| control field | Nust |
| 005 - DATE AND TIME OF LATEST TRANSACTION | |
| control field | 20230525121109.0 |
| 010 ## - LIBRARY OF CONGRESS CONTROL NUMBER | |
| LC control number | 25017114 |
| 040 ## - CATALOGING SOURCE | |
| Transcribing agency | Nust |
| 082 ## - DEWEY DECIMAL CLASSIFICATION NUMBER | |
| Classification number | 823, BUC |
| 100 ## - MAIN ENTRY--PERSONAL NAME | |
| Personal name | Buchan, John, |
| 9 (RLIN) | 11826 |
| 245 ## - TITLE STATEMENT | |
| Title | John Macnab |
| Statement of responsibility, etc. | John Buchan |
| 260 ## - PUBLICATION, DISTRIBUTION, ETC. | |
| Place of publication, distribution, etc. | Boston and New York |
| Name of publisher, distributor, etc. | Houghton Mifflin company |
| Date of publication, distribution, etc. | 1925 |
| 300 ## - PHYSICAL DESCRIPTION | |
| Extent | 320 p |
| Other physical details | map |
| Dimensions | 20 cm |
| 505 ## - FORMATTED CONTENTS NOTE | |
| Formatted contents note | In Which Three Gentlemen (Page-9), Desperate Characters (Page-28),Reconnaissance (Page-46),Fish Benjie (Page-70),The Assault (Page-91),The Return Of Herald (Page-113),The Old Estonian (Page-135),Sir Archie Is Instructed (Page-162),Sir Archie Instructs (Page-183),In Which Crime (Page-205),Haripol-The Main Attack (Page-225),Haripol-Transport (Page-244),Haripol-Auxiliary Troops (Page-263),Haropol- Wounded And Missing (Page-286),Haripol-The Armistice (Page-309). |
| 600 ## - SUBJECT ADDED ENTRY--PERSONAL NAME | |
| Personal name | Buchan, John, |
| 9 (RLIN) | 11826 |
| 650 ## - SUBJECT ADDED ENTRY--TOPICAL TERM | |
| Topical term or geographic name entry element | Novel |
| 9 (RLIN) | 2525 |
| 942 ## - ADDED ENTRY ELEMENTS (KOHA) | |
| Source of classification or shelving scheme | |
| Koha item type | Book |
| Withdrawn status | Lost status | Source of classification or shelving scheme | Damaged status | Not for loan | Permanent Location | Current Location | Shelving location | Date acquired | Full call number | Barcode | Date last seen | Price effective from | Koha item type | Public note |
|---|---|---|---|---|---|---|---|---|---|---|---|---|---|---|
| Military College of Signals (MCS) | Military College of Signals (MCS) | Fiction | 12/12/2016 | 823,BUC | MCS30159 | 12/08/2016 | 12/12/2016 | Book | Almirah No.57, Shelf No.5 |
